Emerging Horizons/ (Record no. 198065)

MARC details
000 -LEADER
fixed length control field 00731nam a2200217 4500
005 - DATE AND TIME OF LATEST TRANSACTION
control field 20230913155351.0
010 ## - LCCN (DPL NO)
LC control number ENG-138041
020 ## - INTERNATIONAL STANDARD BOOK NUMBER
Terms of availability 450.00
International Standard Book Number 9789390670246
035 ## - SYSTEM CONTROL NUMBER
System control number EN-121573
037 ## - SOURCE OF ACQUISITION
Source of stock number/acquisition DBAD/PUB
082 ## - DEWEY DECIMAL CLASSIFICATION NUMBER
Classification number 881
245 ## - TITLE STATEMENT
Title Emerging Horizons/
Statement of responsibility, etc By Ravi Ranganathan,Dr Parneet Jaggi & Dr Jernail Singh Anand
Medium ENGLISH
260 ## - PUBLICATION, DISTRIBUTION, ETC. (IMPRINT)
Place of publication, distribution, etc Haryana
Name of publisher, distributor, etc Earth Vision Publications
Date of publication, distribution, etc 2021
270 ## - ADDRESS
City Gurugram
Address H-23/16,DLF Phase-I
300 ## - PHYSICAL DESCRIPTION
Extent 67p
Dimensions 22cm(pbk)
500 ## - GENERAL NOTE
General note An Anthology Of English Poetry
700 ## - ADDED ENTRY--PERSONAL NAME
Personal name Ranganathan Ravi
Relator term Editor
9 (RLIN) 56532
700 ## - ADDED ENTRY--PERSONAL NAME
Personal name Jaggi Parneet
Relator term Managing Editor
9 (RLIN) 56533
700 ## - ADDED ENTRY--PERSONAL NAME
Personal name Singh Anand Jernail
Relator term Chief Editor
9 (RLIN) 56534
942 ## - ADDED ENTRY ELEMENTS (KOHA)
Source of classification or shelving scheme Dewey Decimal Classification
Item type English Books
Classification part 881
Call number suffix EME
Holdings
Withdrawn status Lost status Not for loan Collection code Home library Current library Date acquired Source of acquisition Cost, normal purchase price Full call number Barcode Copy number Cost, replacement price Koha item type
      Non-fiction Central Jail Tihar Central Jail Tihar 13/09/2023 Dbad/Pub 450.00 881 EME EN-121573 1 450.00 English Books

© Delhi Public Library
Hit Counter
free hit counter